NIC investment guide : investing in seniors housing and care /

Bibliographic Details
Corporate Author: National Investment Center for Seniors Housing & Care, (Author)
Format: eBook
Language:English
Published: Minneapolis, Minnesota : Publish Green, [2014]
Edition:Third edition.
Subjects:
Online Access:Click to View
LEADER 01429nam a2200361 i 4500
001 EBC1874239
003 MiAaPQ
005 20220517194853.0
006 m o d |
007 cr cnu||||||||
008 220517s2014 mnua o 000 0 eng d
020 |a 9781634131711  |q (electronic bk.) 
035 |a (MiAaPQ)EBC1874239 
035 |a (Au-PeEL)EBL1874239 
035 |a (OCoLC)897641906 
040 |a MiAaPQ  |b eng  |e rda  |e pn  |c MiAaPQ  |d MiAaPQ 
050 4 |a HD7287.92.U5  |b .N385 2014 
082 0 |a 364  |2 23 
110 1 |a National Investment Center for Seniors Housing & Care,  |e author. 
245 1 0 |a NIC investment guide :  |b investing in seniors housing and care /  |c by National Investment Center for Seniors Housing & Care. 
250 |a Third edition. 
264 1 |a Minneapolis, Minnesota :  |b Publish Green,  |c [2014] 
264 4 |c Ã2014 
300 |a 1 online resource (245 pages) :  |b illustrations 
336 |a text  |b txt  |2 rdacontent 
337 |a computer  |b c  |2 rdamedia 
338 |a online resource  |b cr  |2 rdacarrier 
588 |a Description based on print version record. 
590 |a Electronic reproduction. Ann Arbor, MI : ProQuest, 2018. Available via World Wide Web. Access may be limited to ProQuest affiliated libraries. 
650 0 |a Supply and demand. 
655 4 |a Electronic books. 
797 2 |a ProQuest (Firm) 
856 4 0 |u https://ebookcentral.proquest.com/lib/matrademy/detail.action?docID=1874239  |z Click to View